000 00355nam a2200145Ia 4500
008 151213s9999 xx 000 0 und d
245 _aBritannica Ready Reference Encyclopedia
_cV-4
250 _aV-4
260 _aNew Delhi
_bBritannica
_c2005
300 _a2897 p.
650 _aEncyclopedia
650 _aReference
700 _aV-4
999 _c1984
_d1984